Signals & systems / (Record no. 2884)
[ view plain ]
| 000 -LEADER | |
|---|---|
| fixed length control field | 01050nam a22003015a 4500 |
| 005 - DATE AND TIME OF LATEST TRANSACTION | |
| control field | 20201128013247.0 |
| 008 - FIXED-LENGTH DATA ELEMENTS--GENERAL INFORMATION | |
| fixed length control field | 160128t1997 njua frb 001 0 eng d |
| 020 ## - INTERNATIONAL STANDARD BOOK NUMBER | |
| International Standard Book Number | 0136511759 |
| 020 ## - INTERNATIONAL STANDARD BOOK NUMBER | |
| International Standard Book Number | 9780136511755 |
| 040 ## - CATALOGING SOURCE | |
| Original cataloging agency | EG-ScBUE |
| Language of cataloging | eng |
| Transcribing agency | EG-ScBUE |
| Modifying agency | EG-ScBUE |
| 082 04 - DEWEY DECIMAL CLASSIFICATION NUMBER | |
| Classification number | 621.38223 |
| Item number | OPP |
| Edition number | 22 |
| 100 1# - MAIN ENTRY--PERSONAL NAME | |
| Personal name | Oppenheim, Alan V., |
| Dates associated with a name | 1937- |
| 9 (RLIN) | 37354 |
| 245 10 - TITLE STATEMENT | |
| Title | Signals & systems / |
| Statement of responsibility, etc | Alan V. Oppenheim, Alan S. Willsky, with S. Hamid Nawab. |
| 246 3# - VARYING FORM OF TITLE | |
| Title proper/short title | Signals and systems |
| 250 ## - EDITION STATEMENT | |
| Edition statement | 2nd ed., International ed. |
| 260 ## - PUBLICATION, DISTRIBUTION, ETC. (IMPRINT) | |
| Place of publication, distribution, etc | Upper Saddle River : |
| Name of publisher, distributor, etc | Prentice-Hall / Pearson Education Company, |
| Date of publication, distribution, etc | c.1997. |
| 300 ## - PHYSICAL DESCRIPTION | |
| Extent | xxx, 957 p. : |
| Other physical details | ill. ; |
| Dimensions | 24 cm. |
| 490 0# - Series Statement | |
| Series statement | Prentice Hall signal processing series |
| 500 ## - GENERAL NOTE | |
| General note | Index : p. 941-957. |
| 504 ## - BIBLIOGRAPHY, ETC. NOTE | |
| Bibliography, etc | Bibliography : p. 921-929. |
| 650 #7 - SUBJECT ADDED ENTRY--TOPICAL TERM | |
| Topical term or geographic name as entry element | System analysis. |
| Source of heading or term | BUEsh |
| 9 (RLIN) | 734 |
| 650 #7 - SUBJECT ADDED ENTRY--TOPICAL TERM | |
| Topical term or geographic name as entry element | Signal theory (Telecommunication) |
| Source of heading or term | BUEsh |
| 9 (RLIN) | 5934 |
| 651 ## - SUBJECT ADDED ENTRY--GEOGRAPHIC NAME | |
| Source of heading or term | BUEsh |
| 653 ## - INDEX TERM--UNCONTROLLED | |
| Resource For college | Engineering, Electrical |
| Arrived date list | February2013 |
| -- | January2016 |
| 700 1# - ADDED ENTRY--PERSONAL NAME | |
| Personal name | Willsky, Alan S. |
| 9 (RLIN) | 37355 |
| 700 1# - ADDED ENTRY--PERSONAL NAME | |
| Personal name | Nawab, S. Hamid. |
| 9 (RLIN) | 32650 |
| 942 ## - ADDED ENTRY ELEMENTS (KOHA) | |
| Source of classification or shelving scheme | Dewey Decimal Classification |
| Withdrawn status | Item status | Source of classification or shelving scheme | Damaged status | Not for loan | Home library | Current library | Shelving location | Date acquired | Source of acquisition | Total Checkouts | Total Renewals | Full call number | Barcode | Checked out | Date last seen | Date last borrowed | Koha item type | Vendor |
|---|---|---|---|---|---|---|---|---|---|---|---|---|---|---|---|---|---|---|
| Dewey Decimal Classification | Central Library | Central Library | First floor | 28/01/2016 | Purchase | 8 | 8 | 621.38223 OPP | 000001249 | 23/12/2023 | 18/01/2015 | 18/01/2015 | Book - Borrowing | |||||
| Central Library | Central Library | First floor | 08/03/2007 | Purchase | 16 | 32 | 621.38223 OPP | 000001248 | 15/07/2025 | 17/11/2020 | Book - Borrowing | |||||||
| Dewey Decimal Classification | Central Library | Central Library | First floor | 28/01/2016 | Purchase | 7 | 37 | 621.38223 OPP | 000028295 | 15/07/2025 | 10/11/2020 | Book - Borrowing | Baccah | |||||
| Dewey Decimal Classification | Central Library | Central Library | First floor | 28/01/2016 | Purchase | 1 | 621.38223 OPP | 000028294 | 15/07/2025 | 16/05/2016 | NB - Book (Non borrowing) | Baccah |